000 00354nam a2200133Ia 4500
008 191201s1995 xx 000 0 und d
100 _aKLEIN, Werner
245 0 _aManual of Textile Technology Practical Guide to Ring Spinning
250 _aRep
260 _aN. Delhi
_bTextile Institute
_c1995
300 _a46
650 _aB.Tech(TE)
942 _2ddc
_cBK
999 _c5183
_d5183